Score 0/31 Timer 07:00
1 Play Today
Year Movie % Correct
2013The Conjuring
92%
2016The Conjuring 2
87.4%
2019Annabelle Comes Home
86.2%
2009Orphan
70.1%
2009Up in the Air
65.5%
2018The Commuter
55.2%
2006The Departed
54%
2011Source Code
54%
2019Godzilla: King of the Monsters
52.9%
2011Higher Ground
46%
2018Boundaries
46%
2006Running Scared
44.8%
2014Closer to the Moon
43.7%
2010Henry's Crime
41.4%
2007Never Forever
40.2%
2007Joshua
40.2%
Year Movie % Correct
2002Dummy
37.9%
2012Goats
37.9%
2012Safe House
36.8%
2004Down to the Bone
35.6%
2008In Tranzit
34.5%
2008Nothing But the Truth
33.3%
2019Captive State
32.8%
2000Autumn in New York
32.2%
200115 Minutes
27.6%
2008Quid Pro Quo
26.4%
1998Return to Paradise
25.3%
2008The Boy in the Striped Pyjamas
24.1%
2004Iron Jawed Angels
23%
2004The Manchurian Candidate
18.4%
2006Breaking and Entering
17.2%
Remove Ads.
Support Sporcle.
Get the best of Sporcle when you Go Orange. This ad-free experience offers more features, more stats, and more fun while also helping to support Sporcle. Thank you for becoming a member.

You're not logged in!

Compare scores with friends on all Sporcle quizzes.
OR
Log In

Show Comments

Extras

Top Quizzes Today


Score Distribution

Your Account Isn't Verified!

In order to create a playlist on Sporcle, you need to verify the email address you used during registration. Go to your Sporcle Settings to finish the process.

Report this User

Report this user for behavior that violates our Community Guidelines.

Details: